Perintah-perintah am & arahan pentadbiran [hingga 25 Februari 1992]

Bibliographic Details
Corporate Author: Malaysia
Format: Book
Published: Kuala Lumpur : ILBS , 1992
Subjects:

MARC

LEADER 00000cam a2200000 7i4500
001 0000001210
002 000001334
005 20161205.0
020 |a 9678904810 
090 0 0 |a 348.026   |b MAL 
110 1 |a Malaysia 
240 0 0 |a Laws, etc 
245 1 0 |a Perintah-perintah am & arahan pentadbiran [hingga 25 Februari 1992]   |c disusun oleh Lembaga Penyelidikan Undang-undang 
260 |a Kuala Lumpur :   |b ILBS ,   |c 1992 
300 |a Pagination racies ;   |c 24cm. 
650 0 0 |a Administrative law   |z Malaysia 
999 |a 029339   |b BUKU   |c RUJUKAN   |e PERPUSTAKAAN KOMUNITI PETALING JAYA